000 00862nam a22003370a 4500
001 PT37254
003 AR-LpoUNG
005 20210131230434.0
008 191001s2008||||ag |||||||||||||||||spa d
020 _a9789875742673
_c$17.25
040 _aAR-LpoUNG
_bspa
_cAR-LpoUNG
_eaacr
041 _aspa
044 _aag
082 0 _a982.024 273cor
100 1 _aTell, Sonia
245 1 0 _aCórdoba rural, una sociedad campesina :
_b1750 - 1850
250 _a1§ edición
260 _aBuenos Aires :
_bPrometeo,
_c2008.
300 _a451 p. :
_btbls.
650 4 _aANALISIS HISTORICO
650 4 _aARGENTINA
650 4 _aASPECTOS ECONOMICOS
650 4 _aCAMPESINADO
650 4 _aECONOMIA RURAL
650 4 _aEMPLEO RURAL
650 4 _aPOBLACION RURAL
650 4 _aSOCIOLOGIA RURAL
651 4 _aArgentina
905 _a37254
942 _cLIB
999 _c3341
_d3341